| 000 | 05043nam a22007211i 4500 | ||
|---|---|---|---|
| 001 | 991033439609708606 | ||
| 003 | AR-RoUNA | ||
| 005 | 20251006083330.0 | ||
| 008 | 900725s1976 sp spa | ||
| 016 | 7 |
_abimoBNE19972446376 _zIND9100212906 _2SpMaBN |
|
| 017 |
_aB 49791-1976 _bOficina Depósito Legal Barcelona |
||
| 020 | _a84-335-2412-7 | ||
| 035 | _a(OCoLC)431369291 | ||
| 035 | _a(SpMaBN)bimo0000761366 | ||
| 040 |
_aSpMaBN _bspa _cA2 _dAR-RoUNA |
||
| 041 | 1 |
_aspa _hfre |
|
| 044 | _aag | ||
| 080 | _a301.185.2 | ||
| 100 |
_aChombart de Lauwe, Paul Henry _935 _d1912-1998. |
||
| 245 | 1 | 0 |
_aHombres y ciudades _cPaul-Henry Chombart de Lauwe ; traducción del francés de Jordi Marfá Puig. |
| 246 | _aDes Hommes et des villes. | ||
| 250 | _a1a. ed. | ||
| 260 |
_aBarcelona : _bLabor, _c1976. |
||
| 300 |
_a289 p. ; _c20x13 cm |
||
| 490 | 0 |
_aColección Labor _vv. 207 |
|
| 500 | _aReferencias bibliográficas e índice | ||
| 505 | 0 | _tINDICE | |
| 505 | 0 |
_tINTRODUCCION : _a La ciudad discutida, la sociedad, los hombres y el espacio urbano. |
|
| 505 | 0 | _tPRIMERA PARTE | |
| 505 | 0 | _tLA EVOLUCION DE LA CIUDAD | |
| 505 | 0 |
_tCapitulo I. _a LA EXPANSION URBANA Y LAS NUEVAS CIUDADES |
|
| 505 | 0 |
_tCapÍtulo II. _aLOS MEDIOS DE HABITAT ANTIGUO Y LA VECINDAD. |
|
| 505 | 0 |
_tCapítulo III. _aESBOZO DE UN PLAN DE INVESTIGACIONES SOBRE LA VIDA SOCIAL EN EL MEDIO URBANO |
|
| 505 | 0 |
_tCapítulo IV. _aESTUDIO DE LOS GRUPOS DE LAS PERSONAS EN LOS MEDIOS URBANOS. |
|
| 505 | 0 |
_tCapítulo V. _a CIENCIAS HUMANAS, PLANIFICACION Y URBANISMO |
|
| 505 | 0 | _tSEGUNDA PARTE | |
| 505 | 0 | _t LA VIVIENDA Y SU EVOLUCION | |
| 505 | 0 |
_t Capítulo VI. _a LA VIVIENDA, LA FAMILIA Y LA SOCIEDAD |
|
| 505 | 0 |
_tCapítulo VII. _aLA LIBERACION DE LOS HOMBRES POR MEDIO DE LA VIVIENDA. |
|
| 505 | 0 |
_tCapítulo VIII. _aLA EVOLUCION DE LA VIVIENDA Y EL CAMBIO SOCIAL, UN ENSAYO DE OBSERVACION EXPERIMENTAL. |
|
| 505 | 0 |
_tCapítulo IX. _a DE LA OBSERVACION EXPERIMENTAL A LA INTERVENCION EXPERIMIENTAL |
|
| 505 | 0 |
_tCapítulo X. _aPARA UNA SOCIOLOGIA DE LA VIVIENDA. METODOS Y PERSPECTIVAS DE INVESTIGACIONES |
|
| 505 | 0 | _tconclusión. LA ORGANIZACION SOCIAL EN EL MEDIO URBANO | |
| 505 | 0 | _tANEXOS | |
| 505 | 0 | _tDIALOGO CON LA POBLACION, LOS URBANISTAS Y LOSE SERVICIOS PUBLICOS | |
| 505 | 0 |
_tAnexo I. _aDIALOGO CON EL PUBLICO, ESCANDALO DE LA VIVIENDA Y ESPERANZAS DEL URBANISMO |
|
| 505 | 0 |
_tAnexo II. _aDIALOGO CON LOS URBANISTAS, EL PLAN DE BURDEOS |
|
| 505 | 0 |
_tAnexo III. _a DIALOGO CON LOS ARQUITECTOS |
|
| 505 | 0 |
_tAnexo IV. _a DIALOGO CON LAS MUNICIPALIDADES. EL DESARROLLO DE LAS CIUDADES DE UN MILLON DE HABITANTES |
|
| 505 | 0 |
_tAnexo V. _aDIALOGO SOBRE UNA DECISION, CENTRO URBANO, CULTURA Y PODER |
|
| 520 | 3 | _aEn Hombres y ciudades, la reflexión crítica se acompaña de una visión de futuro que pueda contribuir a hacer habitable lo que sólo se planifica a menudo como celdas donde depositar el cuerpo de los individuos. Chombart de Lauwe, como sociólogo realmente inserto en la problemática actual, advierte los cambios quizás irreversibles que en la sociedad ocurren (decadencia de los barrios, masificación incesante, incomunicación entre "vecinos" materiales), pero aboga al propio tiempo por los ajustes y mejoras improrrogables, por una orientación sincera a las sugerencias de los habitantes que permita la verdadera articulación democrática del urbanismo cotidiano. Ya es sabido que los poderes públicos, en su preocupación por atender a la complejidad que plantea la ciudad y sus tentacularismos, acuden a los sociólogos (los emplean) para que tomen decisiones e ilustren a la población de modo que ésta admita lo que se le ofrece. Pero, contra esa pasividad, señala Chombart de Lauwe que los cauces van equivocados. Pues no se trata de encauzar a la población es de arriba, sino en reparar cortés y democráticamente en las aspiraciones de una persona determinada dentro de un grupo social concreto. Contra el peligro de perderse en abstracciones, se postula así la única alternativa que puede sanear la situación. Son los hombres, su persona en relación con los otros, quienes -con la meditación de sus representantes libremente elegidos- plantean alternativas, apuntan soluciones, admiten la discusión. Progresan hasta una decisión que es real, porque es de todos, o de su imagen, la mayoría. Al estudiar a la persona y a la sociedad en la ciudad, le preocupa al autor sobre todo, la más estrecha relación entre la esfera privada y la esfera pública. | |
| 650 | 7 | _aSociología urbana | |
| 700 | 1 |
_aMarfá Puig, Jordi _etra _927479 |
|
| 908 | _aImp | ||
| 930 | _e12251 | ||
| 942 |
_2udc _cLIB |
||
| 945 | _d2025-10-03 | ||
| 956 | _a1 2 | ||
| 980 |
_aMaría Machado _bBNMADRID _j4/135443 _cSG_RECOLET _65 _85 _gMaría Machado |
||
| 980 |
_aB 13451-1977 _aSpMaBN _bBNALCALA _jAHM/260026 _cSG_PETANTI |
||
| 980 |
_aB 49791-1976 _aSpMaBN _bBNALCALA _jAHM/288695 _cSG_PETANTI |
||
| 980 |
_aSpMaBN _bBNALCALA _jDL/64729 _cCONSERVACI |
||
| 999 |
_c12154 _d12154 |
||